Loading...
| Literature - World | 0 | 11 | 1 | 1 | 105 | 29 | 114.36 | 8 | 11 | 0.00 | 0.00 |
| Literature - British | 0 | 9 | 0 | 0 | 90 | 48 | 103.78 | 6 | 9 | 0.00 | 0.00 |
| Literature - European | 0 | 9 | 1 | 1 | 85 | 26 | 93.78 | 7 | 9 | 0.00 | 0.00 |
| Literature - American | 0 | 7 | 2 | 2 | 60 | 45 | 92.29 | 6 | 7 | 0.00 | 0.00 |
| Science - Biology | 0 | 6 | 2 | 1 | 50 | 74 | 98.83 | 3 | 6 | 0.00 | 0.00 |
| Science - Physics | 0 | 6 | 3 | 1 | 45 | 111 | 121.67 | 2 | 6 | 0.00 | 0.00 |
| Science - Other | 0 | 4 | 0 | 0 | 40 | 55 | 76.25 | 4 | 4 | 0.00 | 0.00 |
| Social Science | 0 | 4 | 1 | 1 | 35 | 78 | 112.25 | 1 | 4 | 0.00 | 0.00 |
| Fine Arts - Other | 0 | 4 | 1 | 1 | 35 | 48 | 91.00 | 3 | 4 | 0.00 | 0.00 |
| Philosophy | 0 | 3 | 0 | 0 | 30 | 91 | 101.00 | 2 | 3 | 0.00 | 0.00 |
| Science - Chemistry | 0 | 4 | 2 | 0 | 30 | 99 | 113.50 | 0 | 4 | 0.00 | 0.00 |
| History - Other | 0 | 2 | 0 | 1 | 20 | 102 | 113.00 | 1 | 2 | 0.00 | 0.00 |
| History - World | 0 | 2 | 1 | 1 | 15 | 38 | 92.50 | 2 | 2 | 0.00 | 0.00 |
| Current Events | 0 | 1 | 0 | 0 | 10 | 120 | 120.00 | 0 | 1 | 0.00 | 0.00 |
| Mythology | 0 | 2 | 2 | 0 | 10 | 134 | 141.50 | 2 | 2 | 0.00 | 0.00 |
| Other Academic | 0 | 1 | 0 | 0 | 10 | 122 | 122.00 | 0 | 1 | 0.00 | 0.00 |
| History - American | 0 | 2 | 2 | 0 | 10 | 84 | 96.00 | 1 | 2 | 0.00 | 0.00 |
| Fine Arts - Classical Music | 0 | 1 | 0 | 0 | 10 | 142 | 142.00 | 1 | 1 | 0.00 | 0.00 |
| History - European | 0 | 1 | 1 | 0 | 5 | 71 | 71.00 | 1 | 1 | 0.00 | 0.00 |
| Religion | 0 | 1 | 1 | 0 | 5 | 130 | 130.00 | 1 | 1 | 0.00 | 0.00 |
| Fine Arts - Painting and Sculpture | 0 | 0 | 0 | 0 | 0 | 0.00 | 0 | 0 | 0.00 | 0.00 |